Константы нестойкости комплексных соединений

ग्रंथसूची विवरण
मुख्य लेखक: Яцимирский К. Б. Константин Борисович
निगमित लेखक: Академия Наук СССР
अन्य लेखक: Васильев В. П. Владимир Павлович
भाषा:रूसी
प्रकाशित: Москва, Изд-во АН СССР, 1959
विषय:
स्वरूप: पुस्तक
KOHA link:https://koha.lib.tpu.ru/cgi-bin/koha/opac-detail.pl?biblionumber=63761

MARC

LEADER 00000nam0a2200000 4500
001 63761
005 20231101212104.0
035 |a (RuTPU)RU\TPU\book\67662 
090 |a 63761 
100 |a 20040520d1959 k y0rusy50 ca 
101 0 |a rus 
102 |a RU 
105 |a a z 001zy 
200 1 |a Константы нестойкости комплексных соединений  |f К. Б. Яцимирский, В. П. Васильев  |g Академия Наук СССР 
210 |a Москва  |c Изд-во АН СССР  |d 1959 
215 |a 206 с.  |c ил. 
320 |a Библиография в конце глав. 
606 1 |a Комплексные соединения в растворах  |2 stltpush  |3 (RuTPU)RU\TPU\subj\15022  |9 41321 
610 1 |a физико-химические свойства 
610 1 |a неорганические адденды 
610 1 |a органические адденды 
610 1 |a ионный обмен 
675 |a 546-386-14  |v 3 
700 1 |a Яцимирский  |b К. Б.  |g Константин Борисович 
701 1 |a Васильев  |b В. П.  |g Владимир Павлович 
712 0 2 |a Академия Наук СССР  |2 stltpush  |3 (RuTPU)RU\TPU\col\722 
801 1 |a RU  |b 63413507  |c 20040520  |g PSBO 
801 2 |a RU  |b 63413507  |c 20151204  |g PSBO 
942 |c BK